000 00939nam a22003017a 4500
001 BR0303505
003 BR-BrBNA
005 20230928101328.0
007 ta
008 230509b bl.||||| |||| 00| 0 por d
040 _aBR-BrBNA
_bpor
_cBiblioteca Nacional de Agricultura
041 _a(Por)
072 _aP33; H60
_b2120
090 _ 2120 BR0303505
100 1 _aIshida, E.T.
110 1 _aUniversidade Federal de Lavras, MG (Brasil)
_0Tese (Mestrado)
245 1 _aEfeito da associação de métodos no controle de plantas daninhas e sobre microrganismos do solo numa lavoura cafeeira (Coffea arabica L.)
260 3 _aLavras, MG (Brasil):
_c2003.
300 _a41 p.
500 _aSummaries (Eng, Por); 27 ref.; 10 tables
650 _aCAFÉ
650 _aERVA DANINHA
650 _aSOLO
650 _aPROPRIEDADE FÍSICO-QUÍMICA
650 _aMICRORGANISMO
909 _a202309
_bLucia
_c55
_dLucia Elande
942 _cBK
999 _c65287
_d65287